000
00251nam a22001217a 4500
082
_a
822
_b
SHA/H
100
_a
SHAKESPEARE
245
_a
HENRY IV , PART I
260
_a
DELHI
_b
ROHAN BOOK COMPANY
300
_a
152
650
_a
PLAY
_z
DELHI
942
_c
BK
999
_c
3514
_d
3514